In The Third session Of The Eighth Parliament Of The Fourth Republic Of Ghana Report of the Committee on Health on the 2024 Annual Budget Estimates of the Ministry of Health For The 2024 Financial Year (Record no. 5054)

MARC details
000 -LEADER
fixed length control field 00615nam a22001697a 4500
003 - CONTROL NUMBER IDENTIFIER
control field OSt
005 - DATE AND TIME OF LATEST TRANSACTION
control field 20250204091720.0
008 - FIXED-LENGTH DATA ELEMENTS--GENERAL INFORMATION
fixed length control field 250129b |||||||| |||| 00| 0 eng d
041 ## - LANGUAGE CODE
Language code of text/sound track or separate title English
082 ## - DEWEY DECIMAL CLASSIFICATION NUMBER
Classification number CR/CH/23 Acc. No. 10,840
110 ## - MAIN ENTRY--CORPORATE NAME
Corporate name or jurisdiction name as entry element Committee On Health
245 ## - TITLE STATEMENT
Title In The Third session Of The Eighth Parliament Of The Fourth Republic Of Ghana Report of the Committee on Health on the 2024 Annual Budget Estimates of the Ministry of Health For The 2024 Financial Year
260 ## - PUBLICATION, DISTRIBUTION, ETC.
Place of publication, distribution, etc. Accra
Name of publisher, distributor, etc. Parliament Of Ghana
Date of publication, distribution, etc. Decem. 2023
300 ## - PHYSICAL DESCRIPTION
Extent 22p; Tabs
650 ## - SUBJECT ADDED ENTRY--TOPICAL TERM
Source of heading or term 2024 Financial Year
942 ## - ADDED ENTRY ELEMENTS (KOHA)
Source of classification or shelving scheme Dewey Decimal Classification
Koha item type Committee Reports
Suppress in OPAC No
Holdings
Withdrawn status Lost status Source of classification or shelving scheme Damaged status Not for loan Home library Current library Shelving location Date acquired Total checkouts Full call number Date last seen Copy number Price effective from Koha item type
    Dewey Decimal Classification     Main Library Main Library Open Shelves 29/01/2025   CR/CH/23 Acc. No. 10,840 29/01/2025 1 29/01/2025 Committee Reports
©2026  Parliament of Ghana Library - All rights reserved